Jurisprudencia ambiental destacada: recursos administrativos en el SEIA (2013-2018)
Guardat en:
| Autor principal: | |
|---|---|
| Format: | Desconegut |
| Idioma: | anglès |
| Publicat: |
Santiago, Chile
Rubicón
2019
|
| Col·lecció: | Colección de Jurisprudencia
|
| Matèries: | |
| Etiquetes: |
Afegir etiqueta
Sense etiquetes, Sigues el primer a etiquetar aquest registre!
|
MARC
| LEADER | 00000 a2200000 4500 | ||
|---|---|---|---|
| 003 | CL-VaPUC | ||
| 005 | 20210402001839.0 | ||
| 008 | 200318b ||||| |||| 00| 0 eng d | ||
| 999 | |c 422649 |d 422647 | ||
| 020 | |a 9789569947278 | ||
| 040 | |c Pontificia Universidad Católica de Valparaíso | ||
| 082 | 0 | 4 | |2 21 |a 344.83046 SIL 2019 |
| 100 | 1 | |a Silva Barría, Yeni Carolina |9 737471 | |
| 245 | 1 | 0 | |a Jurisprudencia ambiental destacada: recursos administrativos en el SEIA (2013-2018) |
| 260 | 3 | |b Rubicón |c 2019 |a Santiago, Chile | |
| 300 | |a 477 p | ||
| 490 | 0 | |a Colección de Jurisprudencia | |
| 583 | |k Hugo Gaete |c 20200318 | ||
| 650 | 0 | 0 | |a Protección del medio ambiente |9 257626 |
| 650 | 0 | 0 | |a Derecho constitucional |9 222588 |
| 650 | 0 | 0 | |a Derecho civil |9 255013 |
| 650 | 0 | 0 | |a Impacto ambiental |9 262796 |
| 942 | |2 ddc |c BK | ||
| 952 | |0 0 |1 0 |2 ddc |4 0 |6 344_830460000000000_SIL_2019 |7 0 |9 560957 |a BIBDER |b BIBDER |d 2020-03-10 |e 22 |g 35700.00 |i 5573769 |l 1 |m 1 |o 344.83046 SIL 2019 |p 5573769 |r 2023-01-25 |s 2021-10-25 |t 1 |v 35700.00 |w 2020-03-10 |y BK |k DER | ||